Loading...
Science - Other Science | 3 | 4 | 4 | 0 | 65 | 38 | 83.29 | 2 | 6 |
Science - Physics | 1 | 4 | 3 | 2 | 40 | 46 | 95.80 | 0 | 2 |
Other Academic | 0 | 3 | 1 | 1 | 25 | 69 | 106.00 | 0 | 1 |
Science - Chemistry | 1 | 0 | 0 | 0 | 15 | 66 | 66.00 | 1 | 1 |
Beliefs | 0 | 1 | 0 | 0 | 10 | 160 | 160.00 | 0 | 0 |
Modern World | 0 | 1 | 0 | 0 | 10 | 125 | 125.00 | 0 | 0 |
Philosophy | 0 | 2 | 2 | 0 | 10 | 136 | 136.50 | 0 | 0 |
Social Science | 0 | 1 | 0 | 0 | 10 | 105 | 105.00 | 0 | 1 |
Science - Biology | 0 | 1 | 1 | 0 | 5 | 130 | 130.00 | 0 | 0 |
Science - Astronomy | 0 | 0 | 0 | 0 | 0 | 0.00 | 0 | 0 | |
Literature - World Literature | 0 | 0 | 0 | 0 | 0 | 0.00 | 0 | 0 | |
History - European History | 0 | 0 | 1 | 0 | -5 | 0.00 | 0 | 0 |